Aprender a comprender el mundo económico / (Registro nro. 12184)
[ vista simple ]
| 000 -LEADER | |
|---|---|
| fixed length control field | 02138nam a2200277Ia 4500 |
| 003 - CONTROL NUMBER IDENTIFIER | |
| control field | OSt |
| 005 - DATE AND TIME OF LATEST TRANSACTION | |
| control field | 20210818153916.0 |
| 008 - FIXED-LENGTH DATA ELEMENTS--GENERAL INFORMATION | |
| fixed length control field | 210310s2009 ck gr 000 0 spa d |
| 020 ## - INTERNATIONAL STANDARD BOOK NUMBER | |
| International Standard Book Number | 9789587410006 |
| 040 ## - CATALOGING SOURCE | |
| Original cataloging agency | CO-JMCR |
| Transcribing agency | CO-JMCR |
| 041 0# - LANGUAGE CODE | |
| Language code of text/sound track or separate title | spa |
| 082 04 - DEWEY DECIMAL CLASSIFICATION NUMBER | |
| Classification number | 381.33 / |
| Item number | L791a |
| Edition number | 23 |
| 100 1# - MAIN ENTRY--PERSONAL NAME | |
| Personal name | Llanos Martínez, Marina, |
| Relator term | autora |
| 9 (RLIN) | 27524 |
| 245 10 - TITLE STATEMENT | |
| Title | Aprender a comprender el mundo económico / |
| Statement of responsibility, etc. | Marina Llanos Martínez, Marianella Denegri Coria, José Amar Amar, [y otros 2] |
| 260 ## - PUBLICATION, DISTRIBUTION, ETC. | |
| Place of publication, distribution, etc. | Barranquilla, Colombia : |
| Name of publisher, distributor, etc. | Uninorte, |
| Date of publication, distribution, etc. | 2009. |
| 300 ## - PHYSICAL DESCRIPTION | |
| Extent | xi, 184 páginas : |
| Other physical details | ilustraciones y gráficas en blanco y negro ; |
| Dimensions | 24 cm. |
| 504 ## - BIBLIOGRAPHY, ETC. NOTE | |
| Bibliography, etc. note | Bibliografía : páginas 178-184 |
| 505 0# - FORMATTED CONTENTS NOTE | |
| Formatted contents note | Socialización económica. -- Socialización económica en familias pertenecientes una ciudad multifinanciera. -- Socialización económica en familias chilenas. -- La familia como agente de socialización económica. -- Formación en el uso y manejo del dinero en adolescentes. -- Formación en el uso y manejo del dinero en el contexto escolar y comunitaria. |
| 520 0# - SUMMARY, ETC. | |
| Summary, etc. | La comprensión del funcionamiento del mundo económico es primordial en la formación de ciudadanos responsables, con capacidades para solucionar problemas que tienen que ver con su vida, su relación con los otros y sus competencias para actuar en la sociedad. El Grupo de Investigaciones en Desarrollo Humano (GIDHUM) de la Universidad del Norte (Barranquilla Colombia) y el Grupo de Investigaciones en Psicología Económica y del Consumo de la Universidad de La Frontera (Temuco-Chile) han desarrollado una línea de investigación interdisciplinaria en la que convergen los intereses de la psicología y la economía, con el propósito de conocer y quizás predecir el comportamiento de los grupos sociales, a partir de la comprensión de las representaciones de su entorno económico. |
| 650 14 - SUBJECT ADDED ENTRY--TOPICAL TERM | |
| Topical term or geographic name entry element | Educación del consumidor |
| 9 (RLIN) | 27526 |
| 650 24 - SUBJECT ADDED ENTRY--TOPICAL TERM | |
| Topical term or geographic name entry element | Economía |
| Form subdivision | Estudio y docencia |
| 9 (RLIN) | 39484 |
| 650 24 - SUBJECT ADDED ENTRY--TOPICAL TERM | |
| Topical term or geographic name entry element | Ciencias económicas |
| 9 (RLIN) | 11379 |
| 700 ## - ADDED ENTRY--PERSONAL NAME | |
| Personal name | Denegri Coria, Marianella, |
| Relator term | autor |
| 9 (RLIN) | 39485 |
| 700 ## - ADDED ENTRY--PERSONAL NAME | |
| Personal name | Amar Amar, José, |
| Relator term | autor |
| 9 (RLIN) | 39486 |
| 942 ## - ADDED ENTRY ELEMENTS (KOHA) | |
| Source of classification or shelving scheme | Dewey Decimal Classification |
| Koha item type | Books |
| Withdrawn status | Lost status | Source of classification or shelving scheme | Damaged status | Not for loan | Home library | Current library | Shelving location | Date acquired | Source of acquisition | Full call number | Barcode | Date last seen | Copy number | Price effective from | Koha item type |
|---|---|---|---|---|---|---|---|---|---|---|---|---|---|---|---|
| Dewey Decimal Classification | Biblioteca Pública José María del Castillo y Rada | Biblioteca Pública José María del Castillo y Rada | General Stacks | 04/15/2018 | Donación | 381.33 / L791a | 430002515 | 05/16/2024 | Ej.1 | 03/10/2021 | Books |